000 00303nam a22001217a 4500
040 _cSK
082 _a580
100 _aគួយ សុផល
245 _aPlant classification; ចំណែកថ្នាក់រុក្ខជាតិ
260 _aRUA
_bKUY
_c1994
300 _a98p.
942 _cKB
999 _c10353
_d10353